000 00789nam a22002777a 4500
001 BR9500388
003 BR-BrBNA
005 20230928094420.0
007 ta
008 230509b bl.||||| |||| 00| 0 por d
040 _aBR-BrBNA
_bpor
_cBiblioteca Nacional de Agricultura
041 _a(Por)
072 _aP10; P32; J10
090 _ P10 BR9500388
110 1 _aInstituto do Desenvolvimento Economico-Social do Para, Belem (Brasil). Div. de Recursos Naturais
245 1 _aConsideracoes preliminares sobre a hidrovia de Caxiuana
260 3 _aBelem, PA (Brasil):
_c1974.
300 _a15 p.
650 _aTransporte Fluvial
650 _aHidrovia
650 _aGeologia
650 _aHidrografia
650 _aPara
909 _a202309
_bLucia
_c55
_dLucia Elande
942 _cBK
999 _c50607
_d50607